00441 a2200169 4500001000700000020000600007040001100013100002000024240002800044245002300072362000900095440001200104697002700116942000700143952010200150999001900252163516 a  cMagnum aMarques, Amadeu10aTheres no smoke...lING10aTheres no smoke...0 a1899 1aÁtica aLITERATURA ESTRANGEIRA cBK 00104070a32.5b32.5d2024-06-08l0oLI.03747pMAG00007180r2024-06-08 20:36:00w2024-06-08yBK c163516d163516